McGraw Hill Thirty Six Hour Management Course (Record no. 227627)
[ view plain ]
| 000 -LEADER | |
|---|---|
| fixed length control field | 00582nam a22002057a 4500 |
| 005 - DATE AND TIME OF LATEST TRANSACTION | |
| control field | 20230623134154.0 |
| 008 - FIXED-LENGTH DATA ELEMENTS--GENERAL INFORMATION | |
| fixed length control field | 230623b ||||| |||| 00| 0 eng d |
| 020 ## - INTERNATIONAL STANDARD BOOK NUMBER | |
| International Standard Book Number | 0070055793 |
| 040 ## - CATALOGING SOURCE | |
| Transcribing agency | AL |
| 041 ## - LANGUAGE CODE | |
| Language code of text/sound track or separate title | eng |
| 082 ## - DEWEY DECIMAL CLASSIFICATION NUMBER | |
| Edition number | 23 |
| Classification number | 658.4 |
| Item number | BITM |
| 100 ## - MAIN ENTRY--PERSONAL NAME | |
| Personal name | Lester R Bittel |
| 100 ## - MAIN ENTRY--PERSONAL NAME | |
| 9 (RLIN) | 124667 |
| 245 ## - TITLE STATEMENT | |
| Title | McGraw Hill Thirty Six Hour Management Course |
| 260 ## - PUBLICATION, DISTRIBUTION, ETC. | |
| Place of publication, distribution, etc. | New York |
| Name of publisher, distributor, etc. | McGraw Hill Publishing Company |
| Date of publication, distribution, etc. | 1989 |
| 300 ## - PHYSICAL DESCRIPTION | |
| Extent | xi,532p. |
| Other physical details | PB |
| Dimensions | 22x15cm. |
| 365 ## - TRADE PRICE | |
| Source of price type code | Management |
| 650 ## - SUBJECT ADDED ENTRY--TOPICAL TERM | |
| Topical term or geographic name entry element | Management Case Studies |
| 9 (RLIN) | 124665 |
| 700 ## - ADDED ENTRY--PERSONAL NAME | |
| Personal name | BITTEL (Lester R) |
| 9 (RLIN) | 124666 |
| 942 ## - ADDED ENTRY ELEMENTS (KOHA) | |
| Source of classification or shelving scheme | Dewey Decimal Classification |
| Koha item type | Donated Books |
| Withdrawn status | Lost status | Source of classification or shelving scheme | Damaged status | Not for loan | Collection code | Home library | Current library | Date acquired | Total Checkouts | Full call number | Barcode | Date last seen | Price effective from | Koha item type |
|---|---|---|---|---|---|---|---|---|---|---|---|---|---|---|
| Dewey Decimal Classification | Management | St Aloysius Library | St Aloysius Library | 06/17/2023 | 658.4 BITM | D05899 | 06/23/2023 | 06/23/2023 | Donated Books |